Case in point (Record no. 104008)
[ view plain ]
| 000 -LEADER | |
|---|---|
| fixed length control field | 01251cam a2200253 4500 |
| 001 - CONTROL NUMBER | |
| control field | L128751 |
| 008 - FIXED-LENGTH DATA ELEMENTS--GENERAL INFORMATION | |
| fixed length control field | 050211n2005 000 0 eng u |
| 020 ## - INTERNATIONAL STANDARD BOOK NUMBER | |
| International Standard Book Number | 1842192256 |
| 035 ## - SYSTEM CONTROL NUMBER | |
| System control number | (Sirsi) u128751 |
| 041 ## - LANGUAGE CODE | |
| Language code of text/sound track or separate title | eng |
| 050 ## - LIBRARY OF CONGRESS CALL NUMBER | |
| Classification number | 346.4104344 $2 18 |
| 100 ## - MAIN ENTRY--PERSONAL NAME | |
| Personal name | Male, John |
| 245 ## - TITLE STATEMENT | |
| Title | Case in point |
| Remainder of title | rent review |
| 260 ## - PUBLICATION, DISTRIBUTION, ETC. | |
| Place of publication, distribution, etc. | London |
| Name of publisher, distributor, etc. | RICS Books |
| Date of publication, distribution, etc. | 2005 |
| 300 ## - PHYSICAL DESCRIPTION | |
| Extent | xxiv, 152p. |
| Dimensions | 21cm. |
| 350 ## - PRICE (NR) (BK AM CF MU VM SE) [OBSOLETE] | |
| Price | 24.95 |
| 490 ## - SERIES STATEMENT | |
| Series statement | RICS Case in Point Series |
| 520 ## - SUMMARY, ETC. | |
| Summary, etc. | Practical case-based guide for surveyors who are advising or acting on behalf of clients involved with rent reviews. Written specifically for surveyors, this book aims to cut through the legal jargon to give you information you need. Covers: the construction of rent review clauses; the machinery of review; the property to be valued; the hypothetical lease; the procedure for determining the reviewed rent; challenging an arbitration award; and expert determination. Aimed at commercial property and general practice surveyors. |
| 590 ## - LOCAL NOTE (RLIN) | |
| Local note | IKA070605 |
| 690 ## - LOCAL SUBJECT ADDED ENTRY--TOPICAL TERM (OCLC, RLIN) | |
| Topical term or geographic name as entry element | PROPERTY-COMMERCIAL PROPERTY-LEASEHOLD COMMERCIAL PROPERTY-COMMERCIAL LANDLORD AND TENANT-BUSINESS TENANCIES-RENT REVIEW (BUSINESS TENANCIES) |
| 700 ## - ADDED ENTRY--PERSONAL NAME | |
| Personal name | Jefferies, Thomas |
| 942 ## - ADDED ENTRY ELEMENTS (KOHA) | |
| Suppress in OPAC | 0 |
| Withdrawn status | Lost status | Source of classification or shelving scheme | Damaged status | Not for loan | Home library | Current library | Shelving location | Date acquired | Total Checkouts | Full call number | Barcode | Date last seen | Copy number | Price effective from | Koha item type | Date last checked out |
|---|---|---|---|---|---|---|---|---|---|---|---|---|---|---|---|---|
| Dewey Decimal Classification | London | London | RICS Boxes | 26/05/2005 | RICS 2005/08 | 30070052 | 06/08/2019 | 1 | 06/08/2019 | Archive | ||||||
| Dewey Decimal Classification | London | London | Books | 26/05/2005 | 346.4104344 MAL | 30070053 | 06/08/2019 | 1 | 06/08/2019 | Reference material | ||||||
| Dewey Decimal Classification | London | London | Books | 26/05/2005 | 33 | 346.4104344 MAL | 30070055 | 06/08/2019 | 2 | 06/08/2019 | Book | 27/01/2010 |